| 000 | 01685cam a2200421 i 4500 | ||
|---|---|---|---|
| 999 |
_c525097 _d525097 |
||
| 001 | 18552872 | ||
| 003 | NUST | ||
| 005 | 20190628062258.0 | ||
| 008 | 150403s2011 pk b 000 0durd | ||
| 010 | _a 2015327241 | ||
| 020 | _a9789698631376 | ||
| 025 | _aP-U-2015327241; 15 | ||
| 037 |
_bLibrary of Congress -- Islamabad Overseas Office _cRs 300 |
||
| 038 | _aAzhar | ||
| 040 |
_aDLC _beng _erda _cDLC |
||
| 042 |
_alcode _apcc |
||
| 050 | 0 | 0 |
_aPK2200.K864 _bZ83 2011 |
| 066 |
_c(3 _c(4 |
||
| 082 |
_a891.4393 _bTAJ |
||
| 100 | 1 |
_6880-01 _aTāj, Farzānah, _eauthor. _915878 |
|
| 245 | 1 | 0 |
_6880-02 _aZuhair Kunjāhī baḥais̲iyat-i nāvilʹnigār / _cFarzānah Tāj. |
| 264 | 1 |
_6880-03 _aRāvalpinḍī : _bAnjum Pablisharz, _c2011. |
|
| 300 |
_a118 pages ; _c22 cm |
||
| 336 |
_atext _btxt _2rdacontent |
||
| 337 |
_aunmediated _bn _2rdamedia |
||
| 338 |
_avolume _bnc _2rdacarrier |
||
| 504 | _aIncludes bibliographical references (pages 114-118). | ||
| 520 | _aOn the life and works of Zuhair Kunjāhī, 1933-; a noted Urdu author. | ||
| 546 | _aIn Urdu. | ||
| 600 | 1 | 0 |
_6880-04 _aKunjāhī, Zuhair, _d1933- _xCriticism and interpretation. _915879 |
| 880 | 1 |
_6100-01/(3/r _aتاج، فرزانه، |
|
| 880 | 1 | 0 |
_6245-02/(3/r _aزهير کنجاهى بحيثيت ناولنگار / _cفرزانه تاج. |
| 880 | 1 |
_6264-03/(3/r _aراولپنڈى : _bانجم پبلشرز، _c2011. |
|
| 880 | 1 | 0 |
_6600-04/(4/r _aکنجاهى، زهير، _d1933- _xCriticism and interpretation. |
| 906 |
_a7 _bcbc _corigode _d3 _encip _f20 _gy-nonroman |
||
| 942 |
_2ddc _cBK |
||